Регионална библиотека "Любен Каравелов" - Русе

Икони от Мелнишкия край (Запис номер 210305)

MARC детайли
000 -Лидер
Контролно поле с фиксирана дължина nkm a22 c 4500
003 - Код на организацията, давaща контролен номер
Контролно поле BLK
005 - Дата и час на последна редакция
Контролно поле 20210211094717.0
008 - Елементи от данни с фиксирана дължина
fixed length control field 180412b bul rap|r|||| r0| ||bulo|
010 ## - Наследен системен номер
LC control number KNG00163867000
040 ## - Източник на каталожния запис
Идентификатор на билиотеката - собственик на записа BLK
041 ## - Код за език
Код за езика на текст/звукозапис или на отделно заглавие Български
Код за езика КДБФ Български
Други езици Немски
-- Френски
-- Руски
080 ## - УДК
Текстов определител УДК Религиозна живопис
УДК код - определител по УДК 75.046
УДК определител (497.2)
УДК - код + определител 75.046(497.2)
100 1# - Редна дума - Автор
Автор Койнова-Арнаудова, Лозинка
Авторска отговорност първи автор
R(LIN) 387219
139 ## - Редно поле
Редна дума Койнова-Арнаудова, Лозинка
Авторски знак Коз - К 75
245 10 - Сведения за заглавието
Заглавие Икони от Мелнишкия край
Редно поле (дума) Лозинка Койнова-Арнаудова; сн. Иван Кръстев.
257 ## - Страна на издаване
Страна на създаване/издаване България
260 ## - Област на издателските данни
Име на издателя, разпространителя и проч. Септември
Година на издаване 1980
Място на издаване, разпространение и проч. София
300 ## - Физическа характеристика
Страници 132 с.
Илюстрации и др. с ил.
Размери/Мащаб 35 см
380 ## - Жанр
Жанр Изкуство
500 ## - Общи забележки
Забележка Библиогр. с. 130. - 4 500 тир.
650 #4 - Допълнително описание по предмет – тема
Основно описание – тема или топоним Живопис, религиозна
9 (RLIN) 276521
650 #4 - Допълнително описание по предмет – тема
Основно описание – тема или топоним Икони, български - албуми
9 (RLIN) 351287
651 #4 - Допълнително описание по предмет - топоним
Географско понятие България
9 (RLIN) 241624
653 ## - Ключова дума – ненормативна
Ключова дума религиозна живопис
653 ## - Ключова дума – ненормативна
Ключова дума икони
653 ## - Ключова дума – ненормативна
Ключова дума Мелник
700 1# - Други автори (авторска отговорност)
Лично име Кръстев, Иван
Автороска отговорност (Описва отношението между автора и произведението) сн.
Друга информация Иванов, Иван Кръстев
9 (RLIN) 365122
852 ## - Местоположение
Форматна сигнатура Цб ІІ 26659
Фондова буква Хранилище
856 4# - Електронен адрес и достъп
Електронен формат pdf - файл
Път до файла /url/
856 4# - Електронен адрес и достъп
Електронен формат pdf - файл
Път до файла /url/
999 ## - СИСТЕМНИ КОНТРОЛНИ НОМЕРА
Koha biblionumber 210305
Koha biblioitemnumber 210305
942 ## - АРТИКУЛИ
Вид на библиотечния материал Графични издания
Скрит в OPAC Не
Периодичен библиозапис Да
944 ## - СЪЗДАВАНЕ И РЕДАКЦИЯ на ЗАПИСА
Създаване/Редакция Създаване
Дата на регистрацията/редакция 04.08.2014
Статус, дата на статуса 04.08.2014 - от С1,Р / 04.08.2014
Служител, извършил регистрацията/редакцията Камелия_Данева
944 ## - СЪЗДАВАНЕ И РЕДАКЦИЯ на ЗАПИСА
Създаване/Редакция Редакция
Дата на регистрацията/редакция 2021-02-11
Статус, дата на статуса 04.08.2014 - от С1,Р / 04.08.2014
Служител, извършил регистрацията/редакцията Христина Везирева
999 ## - СИСТЕМНИ КОНТРОЛНИ НОМЕРА
Koha biblioitemnumber 210305
Наличности
Код за отписване Код за изгубен артикул Източник на класификационната схема Код за повреда Коз за рестрикции Код за отдаване Артикулен № Име на библиотеката - собственик Име на библиотеката, в която се намира в момента Статус (Текущо местоположение) Дата на вписване в системата Местоположение - отдел Цена в лева Инвентарен номер Систематично азбучна сигнатура Баркод Номер на екземпляра Цена в евро Служебна бележка Служебен тип на артикула
  Не е изгубен Universal Decimal Classification Не е повреден само за читалня ползва се в читалня 361849 Регионална библиотека "Любен Каравелов" Русе Регионална библиотека "Любен Каравелов" Русе Хранилище 1980-01-01 Основен фонд - ползва се само за читалня 9.50 299225 Цб ІІ 26656 120000299225 1 4.86 Дост: Pk Вид: Ф N: стар фонд Дата: 01.01.1980 Дата инв: 04.06.2015 Бележки инв: ГрИ2015 Графични издания
Изтеглен Не е изгубен Universal Decimal Classification Не е повреден без рестрикции заемане за дома 361850 Регионална библиотека "Любен Каравелов" Русе Регионална библиотека "Любен Каравелов" Русе Отдел Изкуство - подръчен фонд 1980-01-01 Отдел Изкуство - подръчен фонд 9.50 299226 75/К 75 299226 2 4.86 Дост: Pk Вид: Ф N: стар фонд Дата: 01.01.1980 Графични издания
  Не е изгубен Universal Decimal Classification Не е повреден само за читалня ползва се в читалня 361851 Регионална библиотека "Любен Каравелов" Русе Регионална библиотека "Любен Каравелов" Русе Хранилище 1980-01-01 Хранилище 9.50 298638 Цб ІІ 26656 120000298638 3 4.86 Дост: Dp Вид: Д N: стар фонд Дата: 01.01.1980 Графични издания
Vip Innovations Ltd, Rousse, Bulgaria 2025